HUMAN ANATOMY AND PHYSIOLOGY - I (Record no. 267993)

MARC details
000 -LEADER
fixed length control field 00296pam a2200121a 44500
008 - FIXED-LENGTH DATA ELEMENTS--GENERAL INFORMATION
fixed length control field 230405s xxu||||| |||| 00| 0 eng d
041 ## - LANGUAGE CODE
Language code of text/sound track or separate title ENG
100 ## - MAIN ENTRY--PERSONAL NAME
Personal name MS PAYAL MITTAL
245 ## - TITLE STATEMENT
Title HUMAN ANATOMY AND PHYSIOLOGY - I
260 ## - PUBLICATION, DISTRIBUTION, ETC.
Place of publication, distribution, etc. NEW DELHI
Name of publisher, distributor, etc. S VIKAS PUBLISHING
Date of publication, distribution, etc.
300 ## - PHYSICAL DESCRIPTION
Extent 187
906 ## - LOCAL DATA ELEMENT F, LDF (RLIN)
a 2554
Holdings
Withdrawn status Lost status Damaged status Not for loan Collection Home library Current library Date acquired Source of acquisition Cost, normal purchase price Total Checkouts Barcode Date due Date last seen Date last checked out Price effective from Koha item type
          College of Pharmacy, Kolhapur College of Pharmacy, Kolhapur 14/04/2023 BHARATI MADHYVARTI SAHAKARI GRAHAK BHANDAR LTD 248.00 1 PCK-9641 03/02/2025 03/02/2025 03/02/2025 14/04/2023 Book
          College of Pharmacy, Kolhapur College of Pharmacy, Kolhapur 14/04/2023 BHARATI MADHYVARTI SAHAKARI GRAHAK BHANDAR LTD 248.00 1 PCK-9640   09/01/2024 28/11/2023 14/04/2023 Book